Prentice Hall Nursing / (Record no. 5126)

MARC details
000 -LEADER
fixed length control field 01392cam a22003854a 4500
001 - CONTROL NUMBER
control field 14325890
003 - CONTROL NUMBER IDENTIFIER
control field 20170117122903.0
005 - DATE AND TIME OF LATEST TRANSACTION
control field 20240606080950.0
007 - PHYSICAL DESCRIPTION FIXED FIELD--GENERAL INFORMATION
fixed length control field co cgu--------
008 - FIXED-LENGTH DATA ELEMENTS--GENERAL INFORMATION
fixed length control field 060329s2007 njua b 001 0 eng
016 7# - NATIONAL BIBLIOGRAPHIC AGENCY CONTROL NUMBER
Record control number 101272818
Source DNLM
040 ## - CATALOGING SOURCE
Original cataloging agency DNLM/DLC
Transcribing agency DLC
Modifying agency YDXCP
-- NLM
-- BAKER
-- OCLCQ
-- DLC
042 ## - AUTHENTICATION CODE
Authentication code pcc
050 00 - LIBRARY OF CONGRESS CALL NUMBER
Classification number RT41
Item number .B89 2008
060 10 - NATIONAL LIBRARY OF MEDICINE CALL NUMBER
Classification number WY 150
Item number B959m 2006
082 00 - DEWEY DECIMAL CLASSIFICATION NUMBER
Classification number 617/.0231
Edition information 22
100 1# - MAIN ENTRY--PERSONAL NAME
Personal name West Coast University
245 10 - TITLE STATEMENT
Title Prentice Hall Nursing /
Remainder of title custom case studies
250 ## - EDITION STATEMENT
Edition statement 2nd ed.
260 ## - PUBLICATION, DISTRIBUTION, ETC.
Place of publication, distribution, etc. Upper Saddle River, N.J. :
Name of publisher, distributor, etc. Pearson/Prentice Hall,
Date of publication, distribution, etc. c2008.
300 ## - PHYSICAL DESCRIPTION
Extent xix, 1384 p. :
Other physical details ill. (chiefly col.) ;
Dimensions 29 cm. +
Accompanying material 1 CD-ROM (4 3/4 in.)
504 ## - BIBLIOGRAPHY, ETC. NOTE
Bibliography, etc. note Includes bibliographical references (p. 1294-1313) and index.
538 ## - SYSTEM DETAILS NOTE
System details note System requirements for accompanying CD-ROM: Macintosh.
538 ## - SYSTEM DETAILS NOTE
System details note System requirements for accompanying CD-ROM: Windows.
650 #0 - SUBJECT ADDED ENTRY--TOPICAL TERM
Topical term or geographic name entry element Surgical nursing.
650 #0 - SUBJECT ADDED ENTRY--TOPICAL TERM
Topical term or geographic name entry element Nursing.
650 12 - SUBJECT ADDED ENTRY--TOPICAL TERM
Topical term or geographic name entry element Nursing Care
General subdivision methods.
650 22 - SUBJECT ADDED ENTRY--TOPICAL TERM
Topical term or geographic name entry element Nursing Process.
700 1# - ADDED ENTRY--PERSONAL NAME
Personal name LeMone, Priscilla.
700 1# - ADDED ENTRY--PERSONAL NAME
Personal name Mohn-Brown, Elaine.
856 41 - ELECTRONIC LOCATION AND ACCESS
Materials specified Table of contents
Uniform Resource Identifier <a href="http://www.loc.gov/catdir/toc/ecip0611/2006010702.html">http://www.loc.gov/catdir/toc/ecip0611/2006010702.html</a>
906 ## - LOCAL DATA ELEMENT F, LDF (RLIN)
a 7
b cbc
c orignew
d 1
e ecip
f 20
g y-gencatlg
942 ## - ADDED ENTRY ELEMENTS (KOHA)
Source of classification or shelving scheme Library of Congress Classification
Koha item type Books
Holdings
Withdrawn status Lost status Source of classification or shelving scheme Damaged status Not for loan Home library Current library Date acquired Total checkouts Full call number Barcode Date last seen Price effective from Koha item type
    Library of Congress Classification     Murang'a University of Technology Library Murang'a University of Technology Library 08/02/2017   RT41 .B89 2008 005276 30/08/2024 08/02/2017 Books